Rwanda City Quiz - Statistics

General Stats
  • This quiz has been taken 25 times
  • The average score is 2 of 5
Answer Stats
City % Correct
Kigali
100%
Butare
43%
Gisenyi
43%
Ruhengeri
21%
Muhanga
14%
No matching quizzes found
Score Distribution
Percent of People with Each Score
Percentile by Number Answered
Your Score History
You have not taken this quiz